000 00606nam a2200205Ia 4500
005 20250508164459.0
008 008 250505s9999 xx 000 0 eng d
037 _aTextual
040 _aFEDL
_beng
_cFEDL
041 _aeng
_2eng
084 _a305.8, NOB
_qFEDL
100 _aNoblit George W
_9778263
245 0 _aMeta-ethnography : Synthesizing qualitative studies.
260 _aNewbury Park
_bSage Publications
_c1988
300 _a88p.
490 _aQualitative research methods series No.11
650 _aEthnography
942 _cTEXL
_h305.8, NOB
999 _c1389344
_d1389344